|
|
|
|
| LEADER |
01087pam a22003258a 4500 |
| 001 |
00030898 |
| 005 |
20171026081025.0 |
| 008 |
130816s2006 ||||||viesd |
| 020 |
|
|
|c 67000
|
| 041 |
0 |
# |
|a vie
|
| 082 |
1 |
4 |
|a 801
|b L300L
|
| 245 |
1 |
0 |
|a Lí luận văn học
|c Phương Lưu (ch.b); Trần Đình Sử, Nguyễn Xuân Nam,..[và nh. ng. khác]
|
| 250 |
# |
# |
|a Tái bản lần thứ năm
|
| 260 |
# |
# |
|a Hà Nội
|b Giáo Dục
|c 2006
|
| 300 |
# |
# |
|a 723 tr.
|c 24 cm.
|
| 653 |
# |
# |
|a Phương pháp sáng tac
|
| 653 |
# |
# |
|a Nghiên cứu
|
| 653 |
# |
# |
|a Lí luận
|
| 653 |
# |
# |
|a Tác phẩm văn học
|
| 653 |
# |
# |
|a Văn học
|
| 700 |
1 |
# |
|a La, Khắc Hòa
|
| 700 |
1 |
# |
|a Lê, Ngọc Trà
|
| 700 |
1 |
# |
|a Nguyễn, Xuân Nam
|
| 700 |
1 |
# |
|a Phương, Lựu
|e Chủ biên
|
| 700 |
1 |
# |
|a Thành, Thế Thái Bình
|
| 700 |
1 |
# |
|a Trần, Đình Sử
|
| 852 |
# |
# |
|b Kho đọc
|j KD.0014801
|
| 852 |
# |
# |
|j KD.0014801
|
| 910 |
|
|
|d 8/2013
|
| 980 |
# |
# |
|a Trung tâm Học liệu Lê Vũ Hùng, Trường Đại học Đồng Tháp
|